| 000 | 01615cam a2200385 a 4500 | ||
|---|---|---|---|
| 001 | 113006 | ||
| 005 | 20230404125944.0 | ||
| 008 | 031126s20052004enk b 000 0deng | ||
| 035 | _a13417516 | ||
| 925 | 0 |
_aacquire _b2 shelf copies _xpolicy default |
|
| 942 |
_2lcc _cbk |
||
| 010 | _a2003068580 | ||
| 020 | _a0805076417 | ||
| 040 |
_aDLC _cDLC _dDLC |
||
| 041 | _aeng | ||
| 050 | 1 | 4 |
_a103 F 2517 _bR631d 2005 |
| 082 | 0 | 0 | _a981.06/4 |
| 100 | 1 |
_aRobb, Peter, _d1946- |
|
| 245 | 1 | 2 |
_aA death in Brazil : _ba book of omissions / _cPeter Robb. |
| 260 |
_aLondon: _bBloomsbury, _c2005 c2004. |
||
| 300 |
_axiii, 329 p. : _c21 cm. |
||
| 504 | _aIncludes bibliographical notes (p.316) and a chronology | ||
| 505 | 0 | _aMixed blood--- A cordial man--- On the beach--- Parrot Perch--- Below the equator--- Stuffed goat--- A world Elsewhere--- A place to die for--- Witesses--- A used revolver--- In maceio--- A win. | |
| 600 | 1 | 0 |
_aRobb, Peter, _d1946- _xTravel _zBrazil. |
| 650 | 0 |
_aSocial problems _zBrazil _xHistory. |
|
| 651 | 0 |
_aBrazil _xDescription and travel. |
|
| 651 | 0 |
_aBrazil _xSocial life and customs _y20th century. |
|
| 651 | 0 |
_aBrazil _xHistory. |
|
| 651 | 0 |
_aBrazil _xPolitics and government _y1985-2002. |
|
| 856 | 4 | 2 |
_3Contributor biographical information _uhttp://www.loc.gov/catdir/bios/hol055/2003068580.html |
| 856 | 4 | 2 |
_3Publisher description _uhttp://www.loc.gov/catdir/description/hol053/2003068580.html |
| 856 | 4 | 1 |
_3Sample text _uhttp://www.loc.gov/catdir/samples/hol051/2003068580.html |
| 856 | 4 | 1 |
_3Table of contents _uhttp://www.loc.gov/catdir/toc/fy051/2003068580.html |
| 946 | _arc | ||
| 999 |
_c8049 _d8049 |
||